|
|
|
|
| LEADER |
00000nas a2200000 4500 |
| 001 |
ssj0001069 |
| 003 |
WaSeSS |
| 005 |
20200512172242.0 |
| 006 |
m d |
| 007 |
cr n |
| 008 |
751101c19339999nyuwn p s 0 a0eng |
| 010 |
|
|
|a 35009615
|
| 016 |
|
|
|a (AMICUS)000000784915
|
| 016 |
7 |
|
|a 011747536
|2 DE-101
|
| 016 |
7 |
|
|a 281039-6
|2 DE-600
|
| 016 |
7 |
|
|a N22100000
|2 DNLM
|
| 016 |
7 |
|
|a AA00314026
|2 JP-ToKJK
|
| 016 |
7 |
|
|a 012425955
|2 Uk
|
| 022 |
|
|
|l 0028-9604
|y 0028-9604
|
| 032 |
|
|
|a 15260
|b USPS
|
| 035 |
|
|
|a (WaSeSS)ssj0001069
|
| 037 |
|
|
|b Newsweek LLC, 7 Hanover Square, 5th Floor, New York, NY 10004
|
| 040 |
|
|
|a DLC
|b eng
|c MUL
|d OCL
|d YUS
|d DLC
|d NSD
|d DLC
|d RCS
|d NSD
|d AIP
|d NSD
|d AIP
|d HUL
|d AIP
|d NSD
|d AIP
|d NSD
|d HUL
|d NST
|d NSD
|d DLC
|d NSD
|d CAS
|d OCL
|d IUL
|d DLC
|d IUL
|d WAU
|d GUA
|d NLM
|d OCLCQ
|d NLM
|d CDS
|d HUL
|d DLC
|d OCLCQ
|d NYDWH
|d KNV
|d OCLCQ
|d HEBIS
|d GBVCP
|d BLBSF
|d RV8
|d UKMGB
|d OCLCQ
|d OKN
|d TJC
|d WAU
|d DLC
|d OCLCQ
|d OCLCF
|d P4I
|d DOS
|d UMC
|d DLC
|d OCLCO
|d INU
|d DEBBG
|d OCLCO
|d OCL
|d OCLCO
|d ZCU
|d CCY
|d OCL
|d DOS
|d OCLCO
|d OCLCQ
|d JQE
|d OCLCO
|d FC@
|d DLC
|d HLS
|d DLC
|d OCLCQ
|d SAV
|d NLC
|d OCLCO
|d ZAS
|d NJR
|d OCLCQ
|d OCLCO
|d OCLCQ
|d IOG
|d TFW
|d OCLCQ
|d OCLCO
|d CNO
|d PAU
|d OCLCQ
|d OCLCO
|d EXH
|d ZJA
|d OCLCQ
|d OCLCO
|d OCLCA
|d WUX
|d OCLCA
|d IDO
|d OCLCO
|d CPO
|d OCLCQ
|d OCLCO
|d BUF
|d CUV
|d CUS
|d WaSeSS
|
| 042 |
|
|
|a pcc
|a nsdp
|
| 050 |
0 |
0 |
|a AP2
|b .N6772
|
| 060 |
0 |
0 |
|a W1
|b NE9987
|
| 082 |
0 |
4 |
|a 051
|
| 210 |
0 |
|
|a Newsweek
|b (U.S. ed.)
|
| 222 |
|
0 |
|a Newsweek
|b (U.S. ed.)
|
| 245 |
0 |
0 |
|a Newsweek
|h [electronic resource].
|
| 246 |
1 |
|
|i Vol. 161, no. 1 (Jan. 4, 2013)-v. 162, no. 10 (Mar. 14, 2014) issued online only as:
|a Newsweek global
|
| 260 |
|
|
|a [New York, etc.]
|b [Newsweek, etc.]
|
| 260 |
3 |
|
|3 <2014->:
|a New York, NY :
|b Newsweek LLC
|
| 310 |
|
|
|a Weekly, except one week in July and December,
|b <05.02.2014->
|
| 321 |
|
|
|a Weekly, except combined year-end issue,
|b <Jan. 1, 2000>-
|
| 362 |
1 |
|
|a Began with v. 1 (Feb. 17, 1933).
|
| 506 |
|
|
|a License restrictions may limit access.
|
| 515 |
|
|
|a Vol. 137, no. 1 (2001) never published.
|
| 515 |
|
|
|a Suspended publication with v. 160, no. 27 (December 31, 2012) and resumed with v. 162, no. 10 (March 14, 2014). Vol. 161, no. 1 (Jan. 4, 2013)-v. 162, no. 10 (Mar. 14, 2014) were issued only online as: Newsweek global.
|
| 580 |
|
|
|a Beginning in 1993, topical selection of Newsweek articles available in multimedia format and the full text of the previous quarter's issues available on CD-ROM as: Newsweek interactive.
|
| 588 |
|
|
|a Latest issue consulted: Vol. 164, no. 02 (01.16.2015).
|
| 610 |
2 |
7 |
|a Newsweek
|2 gnd
|
| 648 |
|
7 |
|a 1900-2099
|2 fast
|
| 650 |
|
0 |
|a Current events
|v Periodicals.
|
| 650 |
|
0 |
|a History, Modern
|y 20th century
|v Periodicals.
|
| 650 |
|
0 |
|a History, Modern
|y 21st century
|v Periodicals.
|
| 650 |
|
2 |
|a Government.
|
| 650 |
|
2 |
|a Internationality.
|
| 650 |
|
2 |
|a Politics.
|
| 650 |
|
2 |
|a Social Environment.
|
| 650 |
|
7 |
|a Current events.
|2 fast
|0 (OCoLC)fst00885350
|
| 650 |
|
7 |
|a History, Modern.
|2 fast
|0 (OCoLC)fst00958367
|
| 650 |
|
7 |
|a MAGAZINE.
|2 sears
|
| 650 |
|
7 |
|a CURRENT EVENTS.
|2 unbist
|
| 655 |
|
0 |
|a Electronic journals.
|
| 775 |
0 |
|
|t Newsweek (International, Atlantic ed.)
|x 0163-7053
|w (DLC) 90640165
|w (OCoLC)4447924
|
| 775 |
0 |
|
|t Newsweek en español
|x 1091-3416
|w (DLC)sn 96000871
|w (OCoLC)35752994
|
| 775 |
0 |
|
|t Newsweek. Japanese. Nyūzuwīku Nihonban
|x 0912-2001
|w (DLC) 2003236262
|w (OCoLC)50431820
|
| 775 |
0 |
|
|t Newsweek (International, Latin American ed.)
|x 0163-707X
|w (DLC)sn 78003815
|w (OCoLC)4447864
|
| 775 |
0 |
|
|t Newsweek. Arabic
|x 1471-2687
|w (OCoLC)144577435
|
| 776 |
0 |
8 |
|i Microfilm version:
|t Newsweek.
|d University Microfilms International
|w (DLC)sf 86092106
|w (OCoLC)3901921
|
| 776 |
0 |
8 |
|i Microfiche version:
|t Newsweek.
|d Bell and Howell
|w (OCoLC)5180370
|
| 780 |
0 |
5 |
|t Today (1933)
|g Feb. 27, 1937
|w (DLC) 34039437
|w (OCoLC)1604628
|
| 787 |
0 |
|
|t Newsweek interactive
|x 1069-840X
|w (DLC) 94660809
|w (OCoLC)28193820
|
| 850 |
|
|
|a DLC
|a DNLM
|a InU
|a MBCo
|a MH
|a MH-AH
|a MH-CI
|a MH-Ed
|a MH-Hi
|a MH-KG
|a MH-L
|a MH-Lm
|a MH-SD
|a MH-SI
|a MoSW-M
|
| 853 |
2 |
0 |
|8 1
|a v.
|b no.
|u 26
|v r
|i (year)
|j (month)
|k (day)
|w w
|x 01,07
|
| 856 |
4 |
0 |
|z Full text available from Research Library: 01/19/1998 to 12/31/2012
|u https://search.proquest.com/publication/25218
|
| 863 |
4 |
1 |
|8 1.1
|a <142 >
|b <1 >
|i <2003>
|j <07 >
|k <07 >
|